vufinder Bibliothèque Municipale de Charleval de Provence
Se connecter

J'aide mon enfant en retard de langage

Book Cover
Auteur principal: Suzel Rocher
D'autres auteurs: Aurélia Stéphanie Bertrand
Support: Livres
Langue: Francais
Genre: Documentaire
Sujets:
Étiquettes: Ajouter
Pas de Tags !

LEADER 00955nam0a2200193 450
001 16848399
010 |a 978-2-401-07406-4  |b br.  |d 12,9 € 
100 |a 20210407d2021 u u0frey01 ba 
101 0 |a fre 
102 |a FR 
200 0 |a J'aide mon enfant en retard de langage  |f Suzel Rocher  |g illustrations Aurélia-Stéphanie Bertrand 
207 1 |a   
215 |a 1 vol. (128 p.)  |c illustrations en couleur  |d 23 x 18 cm 
330 |a 48 jeux et des activités expliqués pas à pas, à faire avec des jeunes ayant un retard de langage ou des difficultés dans l'acquisition de la parole. Les notions essentielles et des astuces sont proposées pour comprendre ce trouble et aider son enfant au quotidien. Electre 2021 
700 0 |a Rocher  |b Suzel  |4 70 
702 0 |a Bertrand  |b Aurélia Stéphanie  |4 440 
900 |a Documentaire 
901 |a Accessible au prêt 
995 |a Bibliothèque  |c Bibliothèque  |f 00156011076650  |h 00156011076650  |k 649.6 ROC  |o p  |q a  |r az  |e Bibliothèque 

Options de recherche

Historique de recherche
Recherche avancée

Trouver plus

Nouveautés

Besoin d'aide ?

Contacter un bibliothécaire